[Event "Titled Tuesday intern op 16th Apr Early"]
[Site "Chess.com INT"]
[Date "2024.04.16"]
[Round "5"]
[White "De Boer, Eelke"]
[Black "Singh, Siddharth"]
[Result "1-0"]
[WhiteElo "2399"]
[BlackElo "1981"]
[PlyCount "225"]
[EventDate "2024.04.16"]
[EventType "swiss (blitz)"]
[EventRounds "11"]
[EventCountry "USA"]
[SourceTitle "CB17_2024"]
[SourceDate "2024.04.24"]
[SourceVersion "1"]
[SourceVersionDate "2024.04.24"]
[SourceQuality "1"]

1. e4 c5 2. Nf3 d6 3. d4 cxd4 4. Nxd4 Nf6 5. Nc3 a6 6. Be3 e5 7. Nb3 Be7 8. Be2 Be6 9. 0-0 Nbd7 10. a4 0-0 11. a5 Rc8 12. Bf3 Qc7 13. Re1 Rfd8 14. Nd2 Nc5 15. Nf1 Qc6 16. Bg5 Ncd7 17. Ne3 h6 18. Bxf6 Nxf6 19. Ned5 Bxd5 20. exd5 Qc5 21. Re2 Rf8 22. Qd2 Bd8 23. Nd1 Nd7 24. b4 Qc4 25. Ne3 Qc3 26. Rb1 f5 27. Rb3 Qxd2 28. Rxd2 f4 29. Nd1 Nf6 30. g3 g5 31. Be2 e4 32. c4 Nd7 33. gxf4 gxf4 34. Rh3 Bg5 35. Rd4 Nf6 36. Nc3 Rfe8 37. f3 exf3 38. Rxf3 Re5 39. Kf1 Rf8 40. c5 Rd8 41. c6 Rb8 42. cxb7 Rxb7 43. Bxa6 Rc7 44. Bc4 Ng4 45. Kg1 Re1+ 46. Rf1 Rxf1+ 47. Kxf1 Ne3+ 48. Ke2 Nxc4 49. Nb5 Re7+ 50. Kf2 Ne5 51. Nxd6 Ng4+ 52. Kg2 h5 53. h3 Re2+ 54. Kf1 Rf2+ 55. Ke1 Bh4 56. hxg4 hxg4 57. Ne4 Ra2+ 58. Kd1 f3 59. d6 f2 60. Nxf2 Bxf2 61. d7 Bxd4 62. d8Q+ Kf7 63. Qxd4 Kg6 64. Qd6+ Kh5 65. Qd5+ Kh4 66. Qxa2 g3 67. Qg2 Kg4 68. a6 Kf4 69. a7 Kg4 70. b5 Kf4 71. b6 Ke5 72. b7 Kd6 73. Qxg3+ Kc5 74. Qc7+ Kd4 75. b8N Ke4 76. a8B+ Kd4 77. Bf3 Ke3 78. Be2 Kd4 79. Nc6+ Ke4 80. Qe7+ Kd5 81. Nb4+ Kd4 82. Nc2+ Kc3 83. Qe5+ Kb3 84. Qb2+ Kxb2 85. Kd2 Kb3 86. Kd3 Kb2 87. Nd4 Ka3 88. Kc3 Ka4 89. Nb3 Ka3 90. Bd3 Ka2 91. Bc2 Ka3 92. Bb1 Ka4 93. Nd4 Ka3 94. Nb5+ Ka4 95. Kc4 Ka5 96. Kc5 Ka6 97. Be4 Ka5 98. Bd5 Ka4 99. Bc4 Ka5 100. Bb3 Ka6 101. Nd6 Ka7 102. Kc6 Kb8 103. Kb6 Ka8 104. Nb5 Kb8 105. Be6 Ka8 106. Bc8 Kb8 107. Ba6 Ka8 108. Nc7+ Kb8 109. Nd5 Ka8 110. Ne7 Kb8 111. Bc8 Ka8 112. Bb7+ Kb8 113. Nc6# 1-0

[Event "Titled Tuesday intern op 12th Mar Early"]
[Site "Chess.com INT"]
[Date "2024.03.12"]
[Round "1"]
[White "Lewicki, Miroslaw"]
[Black "Singh, Siddharth"]
[Result "1-0"]
[WhiteElo "2339"]
[BlackElo "2123"]
[PlyCount "109"]
[EventDate "2024.03.12"]
[EventType "swiss (blitz)"]
[EventRounds "11"]
[EventCountry "USA"]
[SourceTitle "CB12_2024"]
[SourceDate "2023.10.01"]
[SourceVersion "1"]
[SourceVersionDate "2023.10.01"]
[SourceQuality "1"]

1. g3 d5 2. Bg2 Nf6 3. Nf3 b6 4. 0-0 Bb7 5. b3 g6 6. Bb2 Bg7 7. d4 Nbd7 8. e3 e6 9. c4 c5 10. dxc5 Nxc5 11. cxd5 Bxd5 12. Nc3 0-0 13. Nxd5 Qxd5 14. Qe2 Qd3 15. Qe1 Qc2 16. Bxf6 Bxf6 17. Nd4 Bxd4 18. exd4 Nd3 19. Qe3 Rac8 20. Be4 Rc3 21. Rad1 Nb4 22. Bxc2 Rxe3 23. fxe3 Nxc2 24. Kf2 Nb4 25. a3 Nd5 26. Rc1 f5 27. Rc6 Kf7 28. Rfc1 Kf6 29. b4 g5 30. b5 h5 31. Kf3 g4+ 32. Ke2 h4 33. e4 Ne7 34. e5+ Kf7 35. Rc7 hxg3 36. hxg3 Rh8 37. Rxa7 Rh2+ 38. Kd3 Rg2 39. Rcc7 Rxg3+ 40. Kc4 Kg6 41. Rxe7 f4 42. Rxe6+ Kf5 43. Rf6+ Ke4 44. e6 Re3 45. Raf7 Kf3 46. Rxf4+ Kg3 47. d5 Kh3 48. e7 g3 49. Rh7+ Kg2 50. d6 Kg1 51. d7 g2 52. Rg7 Kh1 53. e8Q g1N 54. Qxe3 Ne2 55. Rh4# 1-0

[Event "Sunnyvale 1000GM Bona op 09"]
[Site "Sunnyvale"]
[Date "2023.09.17"]
[Round "4"]
[White "Biyiasas, Theodore A"]
[Black "Singh, Siddharth"]
[Result "0-1"]
[WhiteElo "1955"]
[BlackElo "1760"]
[PlyCount "78"]
[EventDate "2023.09.15"]
[EventType "swiss"]
[EventRounds "5"]
[EventCountry "USA"]
[SourceTitle "EXT 2024"]
[Source "ChessBase"]
[SourceDate "2023.10.10"]
[SourceVersion "1"]
[SourceVersionDate "2023.10.10"]
[SourceQuality "1"]

1. d4 Nf6 2. c4 e6 3. Nc3 Bb4 4. Qc2 Nc6 5. Nf3 d6 6. Bd2 e5 7. a3 Bxc3 8. Bxc3 Qe7 9. e3 Bg4 10. d5 Nb8 11. Bd3 Nbd7 12. Nd2 Bh5 13. 0-0 Bg6 14. Bf5 0-0 15. b4 e4 16. Bxg6 hxg6 17. Rfd1 Rae8 18. Rac1 Nh7 19. c5 dxc5 20. bxc5 Qh4 21. c6 bxc6 22. dxc6 Nc5 23. Bb4 Nd3 24. Nf1 Nxb4 25. axb4 Ng5 26. Rd4 f5 27. f4 Ne6 28. Rd7 Rf7 29. Rcd1 Qf6 30. Nd2 Nf8 31. Rxf7 Qxf7 32. Nc4 Qe6 33. Ne5 g5 34. g3 gxf4 35. gxf4 Ng6 36. Rd7 Nxe5 37. fxe5 Qxe5 38. Qc4+ Kh7 39. Qf7 Re6 0-1